[Event "Norway Chess (Women) 13th"]
[Site "Stavanger"]
[Date "2025.06.06"]
[Round "10"]
[White "Khademalsharieh, Sarasadat"]
[Black "Lei, Tingjie"]
[Result "0-1"]
[WhiteElo "2449"]
[BlackElo "2552"]
[PlyCount "206"]
[EventDate "2025.05.26"]
[EventType "tourn"]
[EventRounds "10"]
[EventCountry "NOR"]
[EventCategory "11"]
[SourceTitle "CB24_2025"]
[SourceDate "2025.06.11"]
[SourceVersion "1"]
[SourceVersionDate "2025.06.11"]
[SourceQuality "1"]

1. d4 d6 2. Nf3 Nf6 3. g3 g6 4. c4 Bf5 5. Bg2 Bg7 6. Nc3 Ne4 7. Qb3 Nxc3 8. bxc3 Be4 9. 0-0 0-0 10. a4 Nc6 11. a5 b6 12. axb6 axb6 13. Be3 Ra5 14. Rxa5 Nxa5 15. Qb5 c6 16. Qa4 c5 17. Nd2 Bf5 18. Ra1 Qc7 19. Rc1 Rc8 20. Bd5 h5 21. h4 Bg4 22. Kf1 Bd7 23. Qa2 Nc6 24. Qb2 Bf5 25. Ra1 Na5 26. Rc1 Bf6 27. Bf4 Rb8 28. Kg1 Bd7 29. Ne4 Bg7 30. Qa3 Bf5 31. dxc5 bxc5 32. Nxc5 Rc8 33. Na6 Qb6 34. Nb4 e6 35. Bg2 Nxc4 36. Qa4 d5 37. Nd3 Bf6 38. Qb4 Qa7 39. Bg5 Bg7 40. Rb1 Ne5 41. Be3 Nxd3 42. exd3 Qa6 43. Qe7 Qxd3 44. Rb7 Rf8 45. Qc7 Qxc3 46. Bc5 Qe1+ 47. Kh2 Be4 48. Bxe4 dxe4 49. Kg2 Qe2 50. Bxf8 Qf3+ 51. Kg1 Bxf8 52. Rb8 e3 53. Qe7 exf2+ 54. Kf1 Qd3+ 55. Kxf2 Qc2+ 56. Kf3 Qc6+ 57. Kf2 Qc2+ 58. Kf3 Qb3+ 59. Rxb3 Bxe7 60. Rb6 Kg7 61. Ke4 Bc5 62. Rc6 Bf2 63. Kf3 Be1 64. Rc1 Bd2 65. Rc2 Bb4 66. Rc6 Kf6 67. Ke4 Be1 68. Kf4 Bd2+ 69. Ke4 Ba5 70. Kf4 Ke7 71. g4 Bd2+ 72. Kf3 Be1 73. Rc5 f5 74. Rc7+ Kd6 75. Rh7 hxg4+ 76. Ke2 Bg3 77. Rh6 Ke7 78. Rxg6 Bxh4 79. Kd3 Bf6 80. Ke2 e5 81. Rg8 Kf7 82. Rb8 Kg6 83. Rg8+ Kf7 84. Rb8 Bg5 85. Rb6 e4 86. Rb4 Kf6 87. Ra4 Ke5 88. Ra5+ Kf4 89. Kf2 Bf6 90. Kg2 Bd4 91. Rd5 Bc3 92. Rc5 Bd2 93. Rc8 e3 94. Re8 Bc3 95. Re7 Bd4 96. Re8 Bc5 97. Re6 Kg5 98. Re8 Bd4 99. Rg8+ Kh4 100. Rf8 e2 101. Re8 f4 102. Re4 f3+ 103. Kh2 Bf2 0-1

[Event "Monaco FIDE GP (Women)"]
[Site "Monaco"]
[Date "2025.02.27"]
[Round "9"]
[White "Khademalsharieh, Sarasadat"]
[Black "Lagno, Kateryna"]
[Result "1-0"]
[WhiteElo "2458"]
[BlackElo "2515"]
[PlyCount "105"]
[EventDate "2025.02.18"]
[EventType "tourn"]
[EventRounds "9"]
[EventCountry "MNC"]
[EventCategory "10"]
[SourceTitle "CB10_2025"]
[SourceDate "2025.03.05"]
[SourceVersion "1"]
[SourceVersionDate "2025.03.05"]
[SourceQuality "1"]

1. d4 Nf6 2. c4 g6 3. g3 Bg7 4. Bg2 0-0 5. Nc3 d6 6. Nf3 Re8 7. 0-0 Bd7 8. Bf4 Qc8 9. Qd2 Bh3 10. Rfe1 Bxg2 11. Kxg2 Nbd7 12. e4 e5 13. dxe5 dxe5 14. Bh6 c6 15. Rad1 Nf8 16. h3 Qc7 17. Bxg7 Kxg7 18. b4 Rad8 19. Qe3 a6 20. c5 Ne6 21. Na4 a5 22. a3 axb4 23. axb4 Rxd1 24. Rxd1 Rd8 25. Rxd8 Qxd8 26. Nxe5 Qd1 27. Nb2 Qc2 28. Nbd3 h5 29. h4 Qc3 30. f3 Nd4 31. Qe1 Qb3 32. Qd2 Nc2 33. Kf2 Qb1 34. Qc3 Qh1 35. Nf4 Qd1 36. Nc4 Nd4 37. Nb2 Qc2+ 38. Qxc2 Nxc2 39. Nfd3 Nd7 40. Nc4 Nb8 41. Nd6 Na6 42. b5 cxb5 43. Nxb5 Kf6 44. Nd6 Nd4 45. Nxb7 Ne6 46. Ke3 Ke7 47. c6 Nac7 48. Nf4 Nxf4 49. Kxf4 Nb5 50. Ke5 Nc7 51. Kd4 Ke6 52. f4 Nb5+ 53. Kc4 1-0

[Event "Monaco FIDE GP (Women)"]
[Site "Monaco"]
[Date "2025.02.19"]
[Round "2"]
[White "Khademalsharieh, Sarasadat"]
[Black "Harika, Dronavalli"]
[Result "1-0"]
[WhiteElo "2458"]
[BlackElo "2489"]
[PlyCount "77"]
[EventDate "2025.02.18"]
[EventType "tourn"]
[EventRounds "9"]
[EventCountry "MNC"]
[EventCategory "10"]
[SourceTitle "CB10_2025"]
[SourceDate "2025.03.05"]
[SourceVersion "1"]
[SourceVersionDate "2025.03.05"]
[SourceQuality "1"]

1. d4 e6 2. c4 b6 3. Nc3 Bb4 4. Qc2 c5 5. a3 Bxc3+ 6. Qxc3 cxd4 7. Qxd4 Nf6 8. Bf4 Nc6 9. Qd3 d5 10. cxd5 Nxd5 11. Bd2 Bb7 12. Nf3 0-0 13. e4 Nf6 14. e5 Qxd3 15. Bxd3 Nd7 16. Bc3 Nc5 17. Bc2 Rfd8 18. 0-0 Ne7 19. Rfd1 Ng6 20. b4 Nf4 21. Bd2 Ne2+ 22. Kf1 Bxf3 23. gxf3 Nd4 24. bxc5 Nxc2 25. Ra2 Nd4 26. cxb6 axb6 27. Be3 Nxf3 28. Rxd8+ Rxd8 29. Bxb6 Ra8 30. Bc7 Nxh2+ 31. Ke2 Ng4 32. f3 Nh6 33. a4 Kf8 34. a5 Nf5 35. Bb6 Ne7 36. a6 Ke8 37. a7 Nc6 38. Rd2 Nxe5 39. Rd8+ 1-0

[Event "Titled Tuesday intern op 28th Jan Early"]
[Site "Chess.com INT"]
[Date "2025.01.28"]
[Round "3"]
[White "Darmanin, Jake"]
[Black "Khademalsharieh, Sarasadat"]
[Result "0-1"]
[WhiteElo "2065"]
[BlackElo "2458"]
[PlyCount "70"]
[EventDate "2025.01.28"]
[EventType "swiss (blitz)"]
[EventRounds "11"]
[EventCountry "USA"]
[SourceTitle "CB06_2025"]
[SourceDate "2025.02.05"]
[SourceVersion "1"]
[SourceVersionDate "2025.02.05"]
[SourceQuality "1"]

1. e4 e5 2. Nf3 Nc6 3. d4 exd4 4. Nxd4 Nf6 5. Nxc6 bxc6 6. e5 Qe7 7. Qe2 Nd5 8. c4 Ba6 9. Qe4 Nb6 10. b3 d5 11. cxd5 cxd5 12. Qe3 Bxf1 13. Kxf1 c5 14. Bb2 d4 15. Qe4 Rd8 16. Nd2 Qe6 17. Rc1 Be7 18. Ba3 0-0 19. g3 f5 20. exf6 Qxf6 21. f4 Nd5 22. Nc4 g5 23. Kg2 gxf4 24. Rhf1 Qg7 25. Qe6+ Kh8 26. g4 f3+ 27. Kh1 Nf4 28. Qe4 Qxg4 29. Rg1 Qh4 30. Bxc5 Bxc5 31. Qe5+ Qf6 32. Qxc5 Ne2 33. Rcf1 Nxg1 34. Rxg1 f2 35. Rf1 Qf3# 0-1

[Event "EU-ch rapid (Women)"]
[Site "Monaco"]
[Date "2025.01.12"]
[Round "6"]
[White "Khademalsharieh, Sarasadat"]
[Black "Hrebenshchykova, Yelyzaveta"]
[Result "1-0"]
[WhiteElo "2458"]
[BlackElo "2280"]
[PlyCount "113"]
[EventDate "2025.01.11"]
[EventType "swiss (rapid)"]
[EventRounds "11"]
[EventCountry "MNC"]
[SourceTitle "CB03_2025"]
[SourceDate "2025.01.15"]
[SourceVersion "1"]
[SourceVersionDate "2025.01.15"]
[SourceQuality "1"]

1. Nf3 Nf6 2. c4 e6 3. g3 d5 4. Bg2 d4 5. d3 Nc6 6. 0-0 Be7 7. Na3 0-0 8. Nc2 a5 9. e3 e5 10. exd4 exd4 11. b3 Bc5 12. a3 Re8 13. Rb1 Bg4 14. b4 axb4 15. axb4 Bf8 16. h3 Bxf3 17. Bxf3 Qd7 18. Bg2 h6 19. Kh2 Ra2 20. b5 Nd8 21. Bb2 c5 22. bxc6 Nxc6 23. Re1 Rxe1 24. Nxe1 Bc5 25. Qb3 Ra6 26. Qb5 Qe7 27. Qb3 Rb6 28. Qd1 Ne5 29. Ba1 Rxb1 30. Qxb1 b6 31. Qd1 Qa7 32. Nc2 Qd7 33. f4 Ng6 34. Bf3 Ne7 35. Qe2 Nf5 36. Qe5 Bd6 37. Qb5 Qxb5 38. cxb5 Bc5 39. g4 Nh4 40. Kg3 g5 41. Bxd4 Bxd4 42. Nxd4 Ne8 43. Bd5 Nd6 44. f5 Kg7 45. Bc4 Kf6 46. Nc6 Nc8 47. d4 Nd6 48. Bd3 Nc8 49. Ne5 Ke7 50. Kf2 Nd6 51. Nc6+ Kd7 52. Nb4 Nc8 53. Be4 Ne7 54. Ke3 Kd6 55. Kd3 f6 56. Kc4 h5 57. gxh5 1-0

[Event "EU-ch rapid (Women)"]
[Site "Monaco"]
[Date "2025.01.11"]
[Round "1"]
[White "Khademalsharieh, Sarasadat"]
[Black "Mickunaite, Agne"]
[Result "1-0"]
[WhiteElo "2458"]
[BlackElo "1907"]
[PlyCount "77"]
[EventDate "2025.01.11"]
[EventType "swiss (rapid)"]
[EventRounds "11"]
[EventCountry "MNC"]
[SourceTitle "CB03_2025"]
[SourceDate "2025.01.15"]
[SourceVersion "1"]
[SourceVersionDate "2025.01.15"]
[SourceQuality "1"]

1. d4 Nf6 2. c4 g6 3. g3 Bg7 4. Bg2 c6 5. Nf3 d5 6. 0-0 0-0 7. a4 Bf5 8. Nc3 Qc8 9. cxd5 cxd5 10. Bg5 Rd8 11. Rc1 Nc6 12. b4 Qd7 13. b5 Na5 14. Ne5 Qe8 15. Bxf6 exf6 16. Nd3 Be6 17. Nf4 Rac8 18. Ncxd5 Rxc1 19. Qxc1 Rc8 20. Qd1 g5 21. Nxe6 fxe6 22. Ne3 f5 23. d5 Rd8 24. Qe1 b6 25. Qb4 Kh8 26. Rd1 Qf7 27. Rd3 e5 28. d6 e4 29. Rd5 Qe6 30. Rxf5 Rxd6 31. Bxe4 h6 32. Bd5 Qd7 33. Qe4 Rf6 34. Rxf6 Bxf6 35. Qg6 Bg7 36. Be4 Kg8 37. Nf5 Kf8 38. Bd5 Nb7 39. Qh7 1-0

[Event "EU-ch rapid (Women)"]
[Site "Monaco"]
[Date "2025.01.11"]
[Round "5"]
[White "Khademalsharieh, Sarasadat"]
[Black "Rakhmangulova, Anastasiya"]
[Result "1-0"]
[WhiteElo "2458"]
[BlackElo "2323"]
[PlyCount "93"]
[EventDate "2025.01.11"]
[EventType "swiss (rapid)"]
[EventRounds "11"]
[EventCountry "MNC"]
[SourceTitle "CB03_2025"]
[SourceDate "2025.01.15"]
[SourceVersion "1"]
[SourceVersionDate "2025.01.15"]
[SourceQuality "1"]

1. Nf3 d6 2. d4 g6 3. c4 Bg7 4. g3 Nd7 5. Bg2 e5 6. Nc3 f5 7. dxe5 dxe5 8. e4 Ngf6 9. 0-0 0-0 10. Re1 fxe4 11. Ng5 Nc5 12. Qxd8 Rxd8 13. Ncxe4 Nfxe4 14. Nxe4 Nd3 15. Rf1 Nxc1 16. Raxc1 c6 17. Rfe1 Bf5 18. Nc5 b6 19. Na6 Rac8 20. Nb4 e4 21. Bxe4 Bxe4 22. Rxe4 Bxb2 23. Rc2 Bd4 24. Re6 c5 25. Nc6 Rd7 26. Rce2 Kf7 27. Re7+ Rxe7 28. Rxe7+ Kg8 29. Nxa7 Rf8 30. Re2 Ra8 31. Nb5 Ra4 32. Nd6 Rb4 33. Kg2 h5 34. f4 Kg7 35. Kf3 Rb1 36. Ke4 Kf6 37. Kd5 Kg7 38. Kc6 Bf6 39. Nc8 b5 40. cxb5 c4 41. b6 c3 42. b7 Rb4 43. Nb6 Rb2 44. Re1 c2 45. b8Q Rb1 46. Qc7+ Kh6 47. Kb7 1-0

[Event "EU-ch rapid (Women)"]
[Site "Monaco"]
[Date "2025.01.11"]
[Round "2"]
[White "Zaksaite, Salomeja"]
[Black "Khademalsharieh, Sarasadat"]
[Result "0-1"]
[WhiteElo "2157"]
[BlackElo "2458"]
[PlyCount "54"]
[EventDate "2025.01.11"]
[EventType "swiss (rapid)"]
[EventRounds "11"]
[EventCountry "MNC"]
[SourceTitle "CB03_2025"]
[SourceDate "2025.01.15"]
[SourceVersion "1"]
[SourceVersionDate "2025.01.15"]
[SourceQuality "1"]

1. e4 e5 2. f4 d5 3. exd5 exf4 4. Nf3 Nf6 5. Bb5+ c6 6. dxc6 Nxc6 7. d4 Qa5+ 8. Nc3 Bb4 9. 0-0 Bxc3 10. Bxc6+ bxc6 11. bxc3 0-0 12. Bxf4 Qxc3 13. Qd2 Qxd2 14. Bxd2 Ba6 15. Rfe1 Rfe8 16. Ne5 Re6 17. Rab1 Rd8 18. Ba5 Rde8 19. Bc7 Nd5 20. Bb8 f6 21. Nf3 Rxe1+ 22. Nxe1 Nc3 23. Rb3 Rxe1+ 24. Kf2 Rf1+ 25. Kg3 Ne2+ 26. Kh3 h5 27. g3 Rf2 0-1

[Event "EU-ch blitz (Women)"]
[Site "Monaco"]
[Date "2025.01.10"]
[Round "3"]
[White "Khademalsharieh, Sarasadat"]
[Black "Hejazipour, Mitra"]
[Result "1-0"]
[WhiteElo "2458"]
[BlackElo "2310"]
[PlyCount "72"]
[EventDate "2025.01.10"]
[EventType "swiss (blitz)"]
[EventRounds "13"]
[EventCountry "MNC"]
[SourceTitle "CB03_2025"]
[SourceDate "2025.01.15"]
[SourceVersion "1"]
[SourceVersionDate "2025.01.15"]
[SourceQuality "1"]

1. d4 Nf6 2. c4 e6 3. Nc3 d5 4. cxd5 exd5 5. Bg5 Bb4 6. Qb3 Nc6 7. e3 Bxc3+ 8. Qxc3 h6 9. Bh4 g5 10. Bg3 Ne4 11. Qc1 Nxg3 12. hxg3 Bf5 13. Bb5 Qd6 14. Bxc6+ bxc6 15. Qc3 Be4 16. f3 Bf5 17. Ne2 Kf8 18. Rc1 Bd7 19. Kf2 Kg7 20. g4 f6 21. Ng3 Rae8 22. Nf5+ Bxf5 23. gxf5 Rb8 24. b3 Rb6 25. Qa5 a6 26. g4 Re8 27. Qc5 Qe7 28. Qxe7+ Rxe7 29. Rc5 Rd7 30. Rhc1 Rd6 31. Ke2 h5 32. gxh5 Kh6 33. Kd3 Kg7 34. e4 dxe4+ 35. fxe4 Kh6 36. Ke3 Kxh5 1-0

[Event "EU-ch blitz (Women)"]
[Site "Monaco"]
[Date "2025.01.10"]
[Round "10"]
[White "Sliwicka, Alicja"]
[Black "Khademalsharieh, Sarasadat"]
[Result "1-0"]
[WhiteElo "2344"]
[BlackElo "2458"]
[PlyCount "87"]
[EventDate "2025.01.10"]
[EventType "swiss (blitz)"]
[EventRounds "13"]
[EventCountry "MNC"]
[SourceTitle "CB03_2025"]
[SourceDate "2025.01.15"]
[SourceVersion "1"]
[SourceVersionDate "2025.01.15"]
[SourceQuality "1"]

1. e4 e5 2. Nf3 Nc6 3. Bc4 Bc5 4. d3 Nf6 5. Bg5 h6 6. Bh4 Be7 7. Bg3 d6 8. a4 a6 9. Nc3 0-0 10. 0-0 Bg4 11. h3 Bh5 12. Bh2 Nd4 13. g4 Bg6 14. Nxd4 exd4 15. Ne2 d5 16. exd5 Nxd5 17. Nxd4 Bf6 18. Nf5 Bxf5 19. gxf5 Bxb2 20. Rb1 Nc3 21. Qg4 Nxb1 22. Rxb1 Bf6 23. Rxb7 Qe8 24. Rb1 Qxa4 25. Bxf7+ Rxf7 26. Qxa4 a5 27. d4 Bg5 28. Qc4 Raf8 29. Ra1 Bd2 30. f6 Kh7 31. Be5 gxf6 32. Bg3 f5 33. c3 Rg7 34. Rxa5 Be3 35. Kf1 Bg5 36. Qd3 Rgf7 37. h4 Bd8 38. h5 Kg8 39. Bf4 Bg5 40. Bxg5 hxg5 41. Qg3 Rg7 42. h6 Rg6 43. Qxc7 Rxh6 44. Ra7 1-0

[Event "Wch Blitz (Women)"]
[Site "New York"]
[Date "2024.12.30"]
[Round "1"]
[White "Khademalsharieh, Sarasadat"]
[Black "Tokhirjonova, Gulruhbegim"]
[Result "1-0"]
[WhiteElo "2458"]
[BlackElo "2385"]
[PlyCount "95"]
[EventDate "2024.12.30"]
[EventType "swiss (blitz)"]
[EventRounds "11"]
[EventCountry "USA"]
[SourceTitle "CB01_2025"]
[SourceDate "2025.01.01"]
[SourceVersion "1"]
[SourceVersionDate "2025.01.01"]
[SourceQuality "1"]

1. d4 Nf6 2. c4 e6 3. Nc3 Bb4 4. e3 0-0 5. Nf3 d5 6. Bd2 b6 7. cxd5 exd5 8. Rc1 Bb7 9. a3 Be7 10. Bd3 c5 11. Ne5 Nc6 12. 0-0 Nxe5 13. dxe5 Ne4 14. Be1 Qc7 15. f3 Nxc3 16. Bxc3 Rad8 17. f4 Qc6 18. Qh5 g6 19. Qh3 f5 20. Be2 Bc8 21. Bf3 Be6 22. Qh6 Qe8 23. Rcd1 Rf7 24. Rd2 Bf8 25. Qg5 Rfd7 26. Rfd1 Qe7 27. Qg3 a6 28. h4 Kh8 29. h5 gxh5 30. Bxh5 Bg7 31. Bf3 Qf7 32. Kf2 b5 33. b4 a5 34. bxc5 Rc7 35. Bxa5 Rdc8 36. Bxc7 Rxc7 37. Rc1 Bf8 38. Qh4 Be7 39. Qh6 Bxc5 40. Rdc2 Qe7 41. Rxc5 Rxc5 42. Rxc5 Qxc5 43. Qxe6 Qc2+ 44. Kg3 Qd2 45. Qf6+ Kg8 46. e6 Qe1+ 47. Kh2 Qh4+ 48. Qxh4 1-0

[Event "Wch Blitz (Women)"]
[Site "New York"]
[Date "2024.12.30"]
[Round "4"]
[White "Sargsyan, Anna M"]
[Black "Khademalsharieh, Sarasadat"]
[Result "1-0"]
[WhiteElo "2361"]
[BlackElo "2458"]
[PlyCount "117"]
[EventDate "2024.12.30"]
[EventType "swiss (blitz)"]
[EventRounds "11"]
[EventCountry "USA"]
[SourceTitle "CB01_2025"]
[SourceDate "2025.01.01"]
[SourceVersion "1"]
[SourceVersionDate "2025.01.01"]
[SourceQuality "1"]

1. e4 e5 2. Nf3 Nc6 3. Bc4 Bc5 4. c3 Nf6 5. d4 exd4 6. cxd4 Bb4+ 7. Nbd2 d5 8. exd5 Nxd5 9. 0-0 0-0 10. h3 Be6 11. Bb5 Nce7 12. Ne4 h6 13. a3 Bd6 14. Nc5 Bxc5 15. dxc5 Nf5 16. Qc2 c6 17. Bd3 Qf6 18. b4 Qxa1 19. Bb2 Qa2 20. Ra1 Nde3 21. fxe3 Nxe3 22. Qe2 Qb3 23. Nd4 Qd5 24. Qxe3 Rfe8 25. Nxe6 Rxe6 26. Qg3 g6 27. Bf1 Rae8 28. Qc3 Re5 29. Bc4 Qe4 30. Rf1 R8e7 31. Bxf7+ Kh7 32. Bc4 Qe3+ 33. Qxe3 Rxe3 34. Bf6 Re8 35. Bf7 Rf8 36. Bd4 Re7 37. Bxg6+ Kg8 38. Rxf8+ Kxf8 39. Kf2 Rd7 40. Ke3 Re7+ 41. Be4 Kf7 42. Kf4 Rd7 43. Be3 Rd1 44. g4 Ra1 45. h4 Rxa3 46. g5 hxg5+ 47. hxg5 Rb3 48. g6+ Kg8 49. Bd4 Rxb4 50. Bf6 b6 51. Ke5 bxc5 52. Bxc6 Rd4 53. Ke6 Rd1 54. Ke5 c4 55. Bb5 Rc1 56. Kd4 Kf8 57. Bxc4 Rxc4+ 58. Kxc4 Kg8 59. Kb5 1-0

[Event "Wch Rapid (Women)"]
[Site "New York"]
[Date "2024.12.28"]
[Round "10"]
[White "Khademalsharieh, Sarasadat"]
[Black "Maltsevskaya, Aleksandra"]
[Result "0-1"]
[WhiteElo "2359"]
[BlackElo "2269"]
[PlyCount "62"]
[EventDate "2024.12.26"]
[EventType "swiss (rapid)"]
[EventRounds "11"]
[EventCountry "USA"]
[SourceTitle "CB01_2025"]
[SourceDate "2025.01.01"]
[SourceVersion "1"]
[SourceVersionDate "2025.01.01"]
[SourceQuality "1"]

1. Nf3 Nf6 2. g3 g6 3. d4 Bg7 4. c4 0-0 5. Bg2 d6 6. 0-0 Nbd7 7. Nc3 e5 8. e4 exd4 9. Nxd4 Nc5 10. Re1 Ng4 11. h3 Ne5 12. Bf1 Ned3 13. Bxd3 Bxd4 14. Bf1 Qf6 15. Be3 Bxe3 16. Rxe3 Be6 17. b4 Nd7 18. Nd5 Bxd5 19. cxd5 a5 20. Bb5 Rfd8 21. Bxd7 Rxd7 22. b5 Re7 23. Rc1 Rae8 24. Rc4 Qb2 25. a4 f5 26. Qe1 Qa2 27. Rd4 Qb2 28. Rc4 Qa2 29. Qc3 fxe4 30. Rxc7 Rxc7 31. Qxc7 Rf8 0-1

[Event "Wch Rapid (Women)"]
[Site "New York"]
[Date "2024.12.27"]
[Round "6"]
[White "Khademalsharieh, Sarasadat"]
[Black "Kurmangaliyeva, Liya"]
[Result "0-1"]
[WhiteElo "2359"]
[BlackElo "2128"]
[PlyCount "60"]
[EventDate "2024.12.26"]
[EventType "swiss (rapid)"]
[EventRounds "11"]
[EventCountry "USA"]
[SourceTitle "CB01_2025"]
[SourceDate "2025.01.01"]
[SourceVersion "1"]
[SourceVersionDate "2025.01.01"]
[SourceQuality "1"]

1. d4 f5 2. g3 Nf6 3. Bg2 e6 4. Nd2 d5 5. Nh3 Be7 6. Nf4 0-0 7. 0-0 c6 8. Nf3 a5 9. a4 b6 10. b3 Ne4 11. c4 Na6 12. Ne5 Nb4 13. Ba3 Qd6 14. Rc1 Bb7 15. f3 Nf6 16. c5 bxc5 17. Rxc5 Bd8 18. Kh1 Bb6 19. Rc1 c5 20. dxc5 Bxc5 21. Bb2 Rac8 22. Qd2 Qb6 23. Rc3 Na6 24. Nfd3 Be3 25. Qe1 Nb4 26. Nxb4 axb4 27. Rxc8 Rxc8 28. Nd3 Rc2 29. Bxf6 gxf6 30. Nxb4 Rc1 0-1

[Event "Wch Rapid (Women)"]
[Site "New York"]
[Date "2024.12.26"]
[Round "3"]
[White "Heinemann, Josefine"]
[Black "Khademalsharieh, Sarasadat"]
[Result "1/2-1/2"]
[WhiteElo "2218"]
[BlackElo "2359"]
[PlyCount "72"]
[EventDate "2024.12.26"]
[EventType "swiss (rapid)"]
[EventRounds "11"]
[EventCountry "USA"]
[SourceTitle "CB01_2025"]
[SourceDate "2025.01.01"]
[SourceVersion "1"]
[SourceVersionDate "2025.01.01"]
[SourceQuality "1"]

1. e4 e5 2. Nf3 Nc6 3. Bb5 a6 4. Ba4 Nge7 5. 0-0 Ng6 6. d4 exd4 7. Nxd4 Bc5 8. Be3 Bxd4 9. Bxd4 Nxd4 10. Qxd4 0-0 11. f4 Qe7 12. c3 d6 13. Bc2 f5 14. exf5 Bxf5 15. Bxf5 Rxf5 16. g3 c5 17. Qd3 Raf8 18. Nd2 d5 19. Rae1 Qf7 20. Nf3 h6 21. Qe3 Qc7 22. Rd1 Kh7 23. Qd3 Qb6 24. Qc2 Kg8 25. Kg2 Qc6 26. Kg1 R5f6 27. Qd2 Rf5 28. Qd3 Qa4 29. a3 Qb3 30. Rd2 Qb6 31. Qe3 Qc6 32. Re1 R5f6 33. Red1 Rf5 34. Re1 R5f6 35. Red1 Rf5 36. Re1 R5f6 1/2-1/2

[Event "Wch Rapid (Women)"]
[Site "New York"]
[Date "2024.12.26"]
[Round "1"]
[White "Uuriintuya, Uurtsaikh"]
[Black "Khademalsharieh, Sarasadat"]
[Result "1-0"]
[WhiteElo "2188"]
[BlackElo "2359"]
[PlyCount "163"]
[EventDate "2024.12.26"]
[EventType "swiss (rapid)"]
[EventRounds "11"]
[EventCountry "USA"]
[SourceTitle "CB01_2025"]
[SourceDate "2025.01.01"]
[SourceVersion "1"]
[SourceVersionDate "2025.01.01"]
[SourceQuality "1"]

1. e4 e5 2. Nf3 Nc6 3. Bb5 a6 4. Ba4 Nge7 5. c3 g6 6. d4 exd4 7. cxd4 b5 8. Bb3 Bg7 9. Bg5 h6 10. Bh4 g5 11. Bg3 d6 12. Nc3 g4 13. d5 Na5 14. Nd4 Ng6 15. 0-0 0-0 16. Nf5 Qg5 17. f4 gxf3 18. Rxf3 Nxb3 19. axb3 Ne5 20. Rf1 b4 21. Bf4 Qg4 22. Ne2 Bxf5 23. exf5 Qxf5 24. Bxh6 Qd3 25. Qxd3 Nxd3 26. Bxg7 Kxg7 27. Rad1 Nc5 28. Rd4 f5 29. Ng3 Kg6 30. Rdf4 Nd3 31. R4f3 Ne5 32. Rf4 Nd3 33. Rd4 Ne5 34. Rdf4 Nd3 35. R4f3 Ne5 36. Rxf5 Rxf5 37. Nxf5 Re8 38. Nd4 Ng4 39. Ne6 c5 40. Ra1 Ra8 41. Nc7 Ra7 42. Nb5 Ra8 43. Nxd6 Ne3 44. Ne4 c4 45. d6 Kf5 46. Nc5 c3 47. bxc3 bxc3 48. Rc1 Nd5 49. Na4 Rd8 50. Nxc3 Nxc3 51. Rxc3 Rxd6 52. Kf2 Kf4 53. Rc4+ Kg5 54. Rc5+ Kf4 55. g3+ Kg4 56. Rc4+ Kf5 57. h4 Rd2+ 58. Ke3 Rb2 59. Rc5+ Kf6 60. Rc6+ Kf5 61. Rxa6 Rxb3+ 62. Kf2 Rb2+ 63. Kf3 Rb3+ 64. Kg2 Kg4 65. Ra4+ Kh5 66. Ra5+ Kg6 67. Rg5+ Kh6 68. Kh3 Rb4 69. Rf5 Rb3 70. Kg4 Kg6 71. h5+ Kh6 72. Rf6+ Kg7 73. Rf3 Rb5 74. Kh4 Kh6 75. g4 Rb4 76. Rf6+ Kg7 77. Rd6 Ra4 78. Re6 Rb4 79. Kg5 Rb5+ 80. Kf4 Rb1 81. Kf5 Rh1 82. Re7+ 1-0

[Event "EU-Cup (Women) 28th"]
[Site "Vrnjacka Banja"]
[Date "2024.10.25"]
[Round "6.1"]
[White "Khademalsharieh, Sarasadat"]
[Black "Khotenashvili, Bela"]
[Result "1/2-1/2"]
[WhiteElo "2478"]
[BlackElo "2423"]
[PlyCount "86"]
[EventDate "2024.10.20"]
[EventType "team-swiss"]
[EventRounds "7"]
[EventCountry "SRB"]
[SourceTitle "CB44_2024"]
[Source "Chessbase"]
[SourceDate "2024.10.30"]
[SourceVersion "1"]
[SourceVersionDate "2024.10.30"]
[SourceQuality "1"]
[WhiteTeam "Monte Carlo (W)"]
[BlackTeam "Ajka Garuda (W)"]
[WhiteTeamCountry "MNC"]
[BlackTeamCountry "HUN"]

1. c4 e6 2. g3 d5 3. Bg2 Nf6 4. Nf3 Be7 5. 0-0 0-0 6. d4 c6 7. Qc2 Nbd7 8. Bf4 Nh5 9. Bd2 Nhf6 10. Rd1 a5 11. Be1 b6 12. Nbd2 Ba6 13. Rac1 b5 14. cxb5 cxb5 15. Ne5 Nxe5 16. dxe5 Nd7 17. Nf3 Rc8 18. Qd2 Rxc1 19. Rxc1 b4 20. h4 h6 21. Qf4 Qb6 22. Rc2 Qb8 23. Bf1 Rc8 24. Rxc8+ Qxc8 25. a3 Qc4 26. axb4 axb4 27. Qd2 Bc5 28. Qd1 Nb6 29. b3 Qg4 30. Qa1 Bxe2 31. Bxe2 Qxg3+ 32. Kh1 Qh3+ 33. Nh2 Qxh4 34. Kg2 Qg5+ 35. Kf1 Qh4 36. Kg2 Qg5+ 37. Kh1 Qh4 38. Kg2 Bd4 39. Qa5 Qe4+ 40. Nf3 Qg4+ 41. Kf1 Qh3+ 42. Kg1 Qg4+ 43. Kf1 Qh3+ 1/2-1/2

[Event "EU-Cup (Women) 28th"]
[Site "Vrnjacka Banja"]
[Date "2024.10.23"]
[Round "4.3"]
[White "Khademalsharieh, Sarasadat"]
[Black "Bulmaga, Irina"]
[Result "1/2-1/2"]
[WhiteElo "2478"]
[BlackElo "2402"]
[PlyCount "115"]
[EventDate "2024.10.20"]
[EventType "team-swiss"]
[EventRounds "7"]
[EventCountry "SRB"]
[SourceTitle "CB44_2024"]
[Source "Chessbase"]
[SourceDate "2024.10.30"]
[SourceVersion "1"]
[SourceVersionDate "2024.10.30"]
[SourceQuality "1"]
[WhiteTeam "Monte Carlo (W)"]
[BlackTeam "SuperChess (W)"]
[WhiteTeamCountry "MNC"]
[BlackTeamCountry "ROU"]

1. Nf3 Nf6 2. c4 e6 3. g3 d5 4. Bg2 dxc4 5. Qa4+ Bd7 6. Qxc4 c5 7. Ne5 Qc8 8. Qd3 Nc6 9. Nxd7 Nxd7 10. Nc3 Be7 11. b3 0-0 12. Bb2 Rd8 13. Rd1 a6 14. 0-0 Nf6 15. Qb1 Qc7 16. Ne4 Nd5 17. Rc1 Qa5 18. Qa1 Bf8 19. Rc4 Nd4 20. Bxd4 cxd4 21. Rxd4 Rac8 22. Ra4 Qb5 23. Nc3 Nxc3 24. dxc3 Rd2 25. Bf3 g6 26. Rd4 Rxd4 27. cxd4 Ba3 28. Qb1 b6 29. Kg2 a5 30. Qe4 Qb4 31. Rd1 Qd6 32. h4 Rc1 33. Rxc1 Bxc1 34. e3 h5 35. Qb7 Ba3 36. Bc6 Qd8 37. Bb5 Kg7 38. Bd7 Kg8 39. Bb5 Kg7 40. Bc4 Qd6 41. Qe4 Qd8 42. Qe5+ Kg8 43. Qe4 Kg7 44. f3 Be7 45. d5 exd5 46. Bxd5 Bc5 47. a4 Qe7 48. Qxe7 Bxe7 49. e4 Bb4 50. f4 f6 51. Kf3 Bc3 52. Bc6 Kf7 53. Bb5 Kf8 54. Ke2 Kf7 55. Bc6 Bd4 56. f5 gxf5 57. exf5 Kg7 58. Be8 1/2-1/2

[Event "EU-Cup (Women) 28th"]
[Site "Vrnjacka Banja"]
[Date "2024.10.20"]
[Round "1.3"]
[White "Khademalsharieh, Sarasadat"]
[Black "Ivekovic, Tihana"]
[Result "1-0"]
[WhiteElo "2478"]
[BlackElo "2124"]
[PlyCount "79"]
[EventDate "2024.10.20"]
[EventType "team-swiss"]
[EventRounds "7"]
[EventCountry "SRB"]
[SourceTitle "CB44_2024"]
[Source "Chessbase"]
[SourceDate "2024.10.30"]
[SourceVersion "1"]
[SourceVersionDate "2024.10.30"]
[SourceQuality "1"]
[WhiteTeam "Monte Carlo (W)"]
[BlackTeam "Modra Javes (W)"]
[WhiteTeamCountry "MNC"]
[BlackTeamCountry "SVK"]

1. d4 Nf6 2. Nf3 d5 3. c3 e6 4. Bf4 c5 5. e3 Nc6 6. Nbd2 Nh5 7. Bg5 f6 8. Bh4 cxd4 9. cxd4 g6 10. Rc1 Be7 11. Be2 0-0 12. a3 Bd7 13. Nb3 Ng7 14. Bg3 Be8 15. Rc3 Rf7 16. Nc5 Bd6 17. Qc2 Rc8 18. 0-0 Bxg3 19. hxg3 Rfc7 20. Rc1 Ne7 21. Nd2 b6 22. Na6 Rxc3 23. bxc3 Bf7 24. Qb2 Ngf5 25. e4 dxe4 26. Nxe4 Nc6 27. Nb4 Nd6 28. Nxc6 Rxc6 29. Nd2 Rc7 30. c4 Nf5 31. Nb3 Ne7 32. c5 Nd5 33. Nd2 Qe7 34. Ne4 e5 35. dxe5 Qxe5 36. Qxe5 fxe5 37. Bc4 Ne7 38. cxb6 Rxc4 39. Rxc4 Bxc4 40. bxa7 1-0